00673nam a2200229 a 4500001001300000003000900013005001700022008004100039020002300080082001700103100001100120245004100131260003600172300001000208500003500218650001700253700001100270902000800281942000700289952013000296999001700426nice12345678IN_TiNIC20260116014157.0140910s2000 muma grp 000 0 eng  a8172245661 c15000a291.4bOSH24 aOsho,  aKrishnab The Man and His Philosophy aMumbai bJaico Pub.House c2000 a841p  aincludes index and biblioraphy aSpirituality1 aOsho,  bSRS cBK 001040708StackRoom-aHMIbHMId2005-01-01g150.00l2o291.4 OSH24p024462r2022-01-25s2022-01-21v150.00w2014-09-10yBK c14194d14194